Karate Dog (Registo nº 880)

Detalhes MARC
000 -Etiqueta do registo
Cabeçalho 00467 a2200217 4500
005 - Identificador da versão
Campo de controlo 20240822163922.0
021 ## - Número do Depósito Legal
Código do país PT
035 ## - Other System Control Numbers
System Control Number 0000948
System Control Number 0000941
System Control Number 0000927
100 ## - Dados gerais de processamento
Dados gerais de processamento 20090204 m y0pory5003 ba
101 0# - Língua de publicação
Língua do texto, banda sonora, etc. Português
Língua do documento no original Inglês
102 ## - Pais de publicação ou produção
País de publicação Portugal
115 ## - Campo de dados codificados: Projecções Visuais, Filmes e Vídeos
Dados modificados - geral c b
200 1# - Titulo e menção de responsabilidade
Título próprio Karate Dog
Informação de outro título O cão marcial
Primeira menção de responsabilidade Bob Clark
210 ## - Publicação, Distribuição, etc. 
Nome do editor, distribuidor, etc. Cristal Sky
Data da publicação, distribuição, etc. 2004
942 ## - Elementos de entrada adicionados (Koha)
Tipo de item no Koha Livro
966 ## - Identificação da Biblioteca
Sigla NUMETECA
994 ## - Estado da catalogação
Situação PARA CORRIGIR
Exemplares
Situação do levantamento Origin of item (home branch) (coded) Biblioteca de empréstimo Código de barras Cota Circulation type (not for loan) Tipo de documento Nota do exemplar Damaged status
  Biblioteca Escolar Eng. Nuno Mergulhão Biblioteca Escolar Eng. Nuno Mergulhão BENM... F KAR   CD Audio Sem mensagem